[Event "Battle of Alberta"]
[Site "Red Deer"]
[Date "2009.09.26"]
[Round "2.3"]
[White "Gardner, Robert"]
[Black "Huber, Gregory"]
[Result "1-0"]
[WhiteElo "2244"]
[BlackElo "2306"]
[PlyCount "85"]
[EventDate "2009.09.26"]
[EventType "team"]
[EventRounds "2"]
[EventCountry "CAN"]
[SourceTitle "EXT 2011"]
[Source "ChessBase"]
[SourceDate "2010.11.26"]
[SourceVersion "1"]
[SourceVersionDate "2010.11.26"]
[SourceQuality "1"]

1. d4 Nf6 2. c4 e6 3. Nc3 d5 4. cxd5 exd5 5. Bg5 Be7 6. e3 c6 7. Bd3 Nbd7 8. Qc2 0-0 9. Nf3 Re8 10. 0-0 Nf8 11. h3 Ne4 12. Bf4 Nxc3 13. bxc3 Bd6 14. Bxd6 Qxd6 15. Rae1 h6 16. Ne5 f6 17. Ng6 Be6 18. f4 Nxg6 19. Bxg6 Bf7 20. Bd3 c5 21. Rf3 Rac8 22. Qf2 cxd4 23. cxd4 Rc3 24. Bf5 g6 25. Qh4 Kh7 26. Bb1 Rec8 27. Rff1 Kg7 28. g4 Qe7 29. Qg3 Qa3 30. g5 Rc1 31. gxf6+ Kh7 32. h4 Rxe1 33. Rxe1 Qd6 34. h5 Qxf6 35. Kh2 Rc6 36. Rg1 Rb6 37. Bc2 Rc6 38. Rg2 b5 39. Qh3 Qe7 40. Bd3 a6 41. hxg6+ Bxg6 42. f5 Qe5+ 43. Rg3 1-0

[Event "Calgary CICC op"]
[Site "Calgary"]
[Date "2009.05.17"]
[Round "6"]
[White "Huber, Gregory"]
[Black "Gardner, Robert"]
[Result "0-1"]
[WhiteElo "2245"]
[BlackElo "2143"]
[PlyCount "56"]
[EventDate "2009.05.14"]
[EventType "swiss"]
[EventRounds "9"]
[EventCountry "CAN"]
[SourceTitle "CBM 130 Extra"]
[Source "ChessBase"]
[SourceDate "2009.07.02"]
[SourceVersion "2"]
[SourceVersionDate "2009.07.15"]
[SourceQuality "1"]

1. e4 d6 2. Nc3 g6 3. f4 Bg7 4. Nf3 a6 5. a4 b6 6. Bc4 e6 7. 0-0 Ne7 8. Qe1 0-0 9. d3 d5 10. Bb3 c5 11. Ne2 c4 12. dxc4 dxe4 13. Ng5 f5 14. c5 Nd5 15. c4 Nf6 16. Qb4 bxc5 17. Qxc5 h6 18. Rd1 Nfd7 19. Qd6 hxg5 20. fxg5 Re8 21. c5 Qe7 22. Be3 Qxd6 23. Rxd6 Ne5 24. Nf4 Kf7 25. Rad1 Nbc6 26. Nd5 Rb8 27. Nb6 Bf8 28. Nxc8 Rxb3 0-1

[Event "Alberta-ch"]
[Site "Edmonton"]
[Date "2009.04.11"]
[Round "2"]
[White "Huber, Gregory"]
[Black "Porper, Edward"]
[Result "0-1"]
[WhiteElo "2245"]
[BlackElo "2435"]
[PlyCount "60"]
[EventDate "2009.04.10"]
[EventType "tourn"]
[EventRounds "5"]
[EventCountry "CAN"]
[EventCategory "2"]
[SourceTitle "EXT 2011"]
[Source "ChessBase"]
[SourceDate "2010.11.26"]
[SourceVersion "1"]
[SourceVersionDate "2010.11.26"]
[SourceQuality "1"]

1. e4 d6 2. Nc3 e5 3. f4 exf4 4. Bc4 Nf6 5. d3 Be7 6. Bxf4 0-0 7. Nf3 c6 8. 0-0 a5 9. a3 Nbd7 10. Qd2 Nc5 11. Kh1 Be6 12. Bxe6 Nxe6 13. Bg3 d5 14. exd5 Nxd5 15. Ne5 Bg5 16. Qf2 f5 17. Nxd5 Qxd5 18. Qf3 Rad8 19. Rae1 Nd4 20. Qxd5+ Rxd5 21. c4 Rdd8 22. Nf3 Bf6 23. Be5 Nxf3 24. Rxf3 Rfe8 25. Bg3 g6 26. b3 Bc3 27. Rd1 Re2 28. Rf2 Rxd3 29. Rc1 Rxf2 30. Bxf2 Bb2 0-1

[Event "Alberta-ch"]
[Site "Edmonton"]
[Date "2009.04.10"]
[Round "1"]
[White "Huber, Gregory"]
[Black "Pechenkin, Vladimir"]
[Result "0-1"]
[WhiteElo "2245"]
[BlackElo "2312"]
[PlyCount "74"]
[EventDate "2009.04.10"]
[EventType "tourn"]
[EventRounds "5"]
[EventCountry "CAN"]
[EventCategory "2"]
[SourceTitle "EXT 2011"]
[Source "ChessBase"]
[SourceDate "2010.11.26"]
[SourceVersion "1"]
[SourceVersionDate "2010.11.26"]
[SourceQuality "1"]

1. c4 e5 2. g3 Nf6 3. Bg2 d6 4. Nc3 Nbd7 5. e4 Be7 6. Nge2 0-0 7. 0-0 c6 8. d4 a6 9. a4 a5 10. h3 exd4 11. Nxd4 Nc5 12. Be3 Re8 13. Qc2 Bf8 14. Rfe1 Qb6 15. Rad1 h6 16. f4 Bd7 17. Bf2 Rad8 18. g4 Bc8 19. Bf3 Nh7 20. Kg2 g6 21. h4 Nf6 22. f5 Nfd7 23. fxg6 fxg6 24. e5 Nxe5 25. Rxe5 Rxe5 26. Qxg6+ Kh8 27. Nf5 Bxf5 28. gxf5 Rd7 29. f6 Ne6 30. Qc2 Qd8 31. Ne4 d5 32. cxd5 cxd5 33. Ng3 Qxf6 34. Qc8 Rf7 35. Qc3 Bb4 36. Qb3 Nc5 37. Qc2 Qxf3+ 0-1

[Event "Edmonton 2nd"]
[Site "Edmonton"]
[Date "2007.08.06"]
[Round "9"]
[White "Reeve, Jeff"]
[Black "Huber, Gregory"]
[Result "1/2-1/2"]
[WhiteElo "2205"]
[BlackElo "2211"]
[PlyCount "89"]
[EventDate "2007.08.02"]
[EventType "tourn"]
[EventRounds "9"]
[EventCountry "CAN"]
[EventCategory "4"]
[SourceTitle "CBM 119 Extra"]
[Source "ChessBase"]
[SourceDate "2007.09.04"]
[SourceVersion "1"]
[SourceVersionDate "2007.09.04"]
[SourceQuality "1"]

1. e4 c5 2. Nf3 e6 3. d4 cxd4 4. Nxd4 a6 5. Be2 d6 6. 0-0 Nf6 7. Nc3 Nbd7 8. f4 b5 9. Bf3 Bb7 10. a3 Rc8 11. Qe1 Rc4 12. Be3 Qc7 13. Kh1 Rxc3 14. bxc3 Nxe4 15. a4 bxa4 16. Rxa4 Ndc5 17. Ra1 Be7 18. f5 0-0 19. Bxe4 Bxe4 20. Qg3 Bd5 21. Qg4 Bf6 22. fxe6 fxe6 23. Bg5 Qe7 24. Bxf6 Rxf6 25. Rxf6 Qxf6 26. Kg1 Qe5 27. Qe2 Qxe2 28. Nxe2 Kf7 29. Nd4 Bc4 30. Nb3 Bxb3 31. cxb3 Nxb3 32. Rxa6 d5 33. Kf2 Nd2 34. Ke2 Ne4 35. Rc6 Ke7 36. Rc7+ Kf6 37. Ke3 Nd6 38. Rc6 Nf5+ 39. Kf4 h5 40. Ra6 g5+ 41. Kf3 Nh4+ 42. Kf2 Nf5 43. Kf3 Nh4+ 44. Kf2 Nf5 45. Kf3 1/2-1/2

[Event "Edmonton 2nd"]
[Site "Edmonton"]
[Date "2007.08.04"]
[Round "4"]
[White "Huber, Gregory"]
[Black "Haessel, Dale R"]
[Result "1/2-1/2"]
[WhiteElo "2211"]
[BlackElo "2136"]
[PlyCount "137"]
[EventDate "2007.08.02"]
[EventType "tourn"]
[EventRounds "9"]
[EventCountry "CAN"]
[EventCategory "4"]
[SourceTitle "CBM 119 Extra"]
[Source "ChessBase"]
[SourceDate "2007.09.04"]
[SourceVersion "1"]
[SourceVersionDate "2007.09.04"]
[SourceQuality "1"]

1. e4 e5 2. Nc3 Nf6 3. f4 d5 4. fxe5 Nxe4 5. d3 Nxc3 6. bxc3 Nc6 7. Nf3 d4 8. Be2 Bc5 9. 0-0 dxc3+ 10. Kh1 0-0 11. Qe1 Nd4 12. Bd1 Re8 13. Qg3 Qd5 14. Nxd4 Bxd4 15. Bf3 Qc5 16. Bf4 Be6 17. a4 Bd5 18. Rab1 a6 19. Rxb7 Bxb7 20. Bxb7 Rab8 21. Qf3 Bxe5 22. Bxa6 Bxf4 23. Qxf4 f6 24. d4 Qd6 25. Bc4+ Kh8 26. Qh4 Rbd8 27. Bd3 h6 28. Qh5 Qe6 29. Qg6 Qg8 30. Qg4 Re3 31. h3 Qd5 32. Bf5 Qc4 33. Rf4 Qf7 34. Bg6 Qd7 35. Bf5 Qf7 36. Bg6 Qd5 37. h4 Kg8 38. Kh2 Kf8 39. Bh7 Qd7 40. Bf5 Qxa4 41. d5 Qe8 42. Be6 Rd6 43. Rc4 c6 44. Qf4 Rdxe6 45. dxe6 Qxe6 46. Qb8+ Kf7 47. Qc7+ Kg6 48. Rxc6 Qg4 49. Rc4 Qh5 50. Qf4 Qe5 51. Qxe5 fxe5 52. Kg1 Kf5 53. Kf2 Re4 54. Rxc3 Rxh4 55. Rc7 Rf4+ 56. Ke3 Rg4 57. Kf3 h5 58. c4 e4+ 59. Kf2 e3+ 60. Kf3 e2 61. Rc5+ Kg6 62. Re5 Rxc4 63. Rxe2 Kf5 64. g3 Rc3+ 65. Kg2 g5 66. Ra2 Rc4 67. Ra5+ Kg4 68. Ra2 Re4 69. Rb2 1/2-1/2

[Event "Edmonton May Sectionals A,B,C,D"]
[Site "Edmonton"]
[Date "2007.05.20"]
[Round "4"]
[White "Huber, Gregory"]
[Black "Haessel, Dale R"]
[Result "1-0"]
[WhiteElo "2336"]
[BlackElo "2256"]
[PlyCount "63"]
[EventDate "2007.05.19"]
[EventType "swiss"]
[EventRounds "5"]
[EventCountry "CAN"]
[SourceTitle "EXT 2022"]
[Source "ChessBase"]
[SourceDate "2021.10.06"]
[SourceVersion "1"]
[SourceVersionDate "2021.10.06"]
[SourceQuality "1"]

1. e4 e5 2. Nc3 Nf6 3. g3 d5 4. exd5 Nxd5 5. Bg2 Nxc3 6. bxc3 Be7 7. Nf3 Nd7 8. 0-0 0-0 9. Re1 Bf6 10. Rb1 Re8 11. d4 exd4 12. Rxe8+ Qxe8 13. cxd4 c6 14. Qd3 Nb6 15. Bg5 Qd8 16. Bxf6 Qxf6 17. Nd2 Bf5 18. Be4 Bxe4 19. Nxe4 Qf5 20. c4 Nxc4 21. Qxc4 Qxe4 22. Rxb7 Qf3 23. Rb3 Qd1+ 24. Kg2 Rf8 25. Rb7 a5 26. Rc7 h5 27. Rxc6 h4 28. d5 Qh5 29. g4 Qe5 30. Rc5 g5 31. d6 Qf6 32. Rf5 1-0

[Event "Northern Alberta op"]
[Site "Edmonton "]
[Date "2007.01.02"]
[Round "2"]
[White "Huber, Gregory"]
[Black "Rekhson, Vladislav"]
[Result "1-0"]
[WhiteElo "2333"]
[BlackElo "2159"]
[PlyCount "63"]
[EventDate "2007.02.17"]
[EventType "swiss"]
[EventRounds "5"]
[EventCountry "CAN"]
[SourceTitle "EXT 2008"]
[Source "ChessBase"]
[SourceDate "2007.11.25"]
[SourceVersion "1"]
[SourceVersionDate "2007.11.25"]
[SourceQuality "1"]

1. e4 c5 2. Nc3 Nc6 3. g3 g6 4. Bg2 Bg7 5. d3 e6 6. Be3 d6 7. Qd2 Nge7 8. Bh6 Bxh6 9. Qxh6 Nd4 10. 0-0-0 b5 11. h4 a5 12. Nce2 Nxe2+ 13. Nxe2 b4 14. h5 b3 15. axb3 a4 16. bxa4 Rxa4 17. hxg6 fxg6 18. Qg7 Rg8 19. Qc3 h5 20. b3 Ra7 21. Kb2 Qb6 22. Ra1 Rxa1 23. Rxa1 Bb7 24. Bh3 e5 25. f4 Nc6 26. Qc4 Ne7 27. fxe5 dxe5 28. Rf1 Rf8 29. Bd7+ Kxd7 30. Rxf8 Ba6 31. Qf7 c4 32. dxc4 1-0

[Event "Canada zt"]
[Site "Toronto"]
[Date "2006.08.20"]
[Round "3"]
[White "Huber, Gregory"]
[Black "Gerzhoy, Leonid"]
[Result "1/2-1/2"]
[WhiteElo "2245"]
[BlackElo "2386"]
[PlyCount "81"]
[EventDate "2006.08.18"]
[EventType "swiss"]
[EventRounds "9"]
[EventCountry "CAN"]
[SourceTitle "CBM 113 Extra"]
[Source "ChessBase"]
[SourceDate "2006.09.14"]
[SourceVersion "1"]
[SourceVersionDate "2006.09.14"]
[SourceQuality "1"]

1. e4 c5 2. Nc3 Nc6 3. g3 g6 4. Bg2 Bg7 5. d3 e6 6. Be3 d6 7. Qd2 Rb8 8. Nge2 Nd4 9. 0-0 Ne7 10. Nc1 0-0 11. Nd1 b5 12. c3 Ndc6 13. Bh6 b4 14. Bxg7 Kxg7 15. Ne3 bxc3 16. bxc3 e5 17. Ne2 f6 18. f4 Be6 19. f5 Bd7 20. h4 Ng8 21. Bf3 Nce7 22. g4 Bc6 23. Ng3 d5 24. Rab1 d4 25. Rxb8 Qxb8 26. Nc4 Qc7 27. cxd4 exd4 28. Ne2 Kh8 29. Nf4 Bd7 30. Qh2 Qb8 31. h5 gxf5 32. gxf5 Nh6 33. Kh1 Nf7 34. Ne6 Qxh2+ 35. Kxh2 Bxe6 36. fxe6 Ne5 37. Nxe5 fxe5 38. Kg3 Kg7 39. Rb1 Rc8 40. Bg4 Rc7 41. Kh4 1/2-1/2

[Event "Battle of Alberta"]
[Site "Red Deer"]
[Date "2006.07.08"]
[Round "2"]
[White "Reeve, Jeff"]
[Black "Huber, Gregory"]
[Result "1-0"]
[WhiteElo "2304"]
[BlackElo "2325"]
[PlyCount "67"]
[EventDate "2006.07.08"]
[EventType "team"]
[EventRounds "2"]
[EventCountry "CAN"]
[SourceTitle "CBM 113 Extra"]
[Source "ChessBase"]
[SourceDate "2006.09.14"]
[SourceVersion "1"]
[SourceVersionDate "2006.09.14"]
[SourceQuality "1"]

1. e4 c5 2. Nf3 e6 3. d4 cxd4 4. Nxd4 d6 5. Nc3 Nc6 6. Be3 Nf6 7. Bc4 a6 8. Qe2 Qc7 9. 0-0-0 Na5 10. Bd3 b5 11. f4 b4 12. Nb1 Bb7 13. Nd2 Be7 14. Kb1 0-0 15. g4 d5 16. e5 Ne4 17. g5 Nxd2+ 18. Bxd2 Nc4 19. Nxe6 Qb6 20. Nxf8 Nxd2+ 21. Rxd2 Bxf8 22. Re1 Re8 23. h4 a5 24. h5 a4 25. Bb5 Ra8 26. e6 a3 27. exf7+ Kh8 28. Be8 Qc5 29. Qe3 Qc4 30. b3 Qc7 31. Qe5 Qc5 32. h6 Ra6 33. f5 Qc3 34. hxg7+ 1-0

[Event "Edmonton June Sect-A"]
[Site "Edmonton"]
[Date "2006.06.23"]
[Round "1"]
[White "Nekrasov, Mihail"]
[Black "Huber, Gregory"]
[Result "1-0"]
[WhiteElo "2390"]
[BlackElo "2245"]
[PlyCount "65"]
[EventDate "2006.06.23"]
[EventType "tourn"]
[EventRounds "5"]
[EventCountry "CAN"]
[SourceTitle "CBM 113 Extra"]
[Source "ChessBase"]
[SourceDate "2006.09.14"]
[SourceVersion "1"]
[SourceVersionDate "2006.09.14"]
[SourceQuality "1"]

1. e4 c5 2. Nc3 e6 3. Nf3 a6 4. d4 cxd4 5. Nxd4 d6 6. f4 Nf6 7. Bd3 Nbd7 8. 0-0 g6 9. Kh1 Bg7 10. Be2 0-0 11. Bf3 Qc7 12. a4 e5 13. Nde2 b6 14. g4 exf4 15. g5 Ne8 16. e5 Bb7 17. Nd5 Qb8 18. exd6 Nxd6 19. Bxf4 Ne5 20. Bg2 Nf5 21. Nec3 Kh8 22. Qe2 Re8 23. Rae1 Qd8 24. Nf6 Bxg2+ 25. Qxg2 Bxf6 26. gxf6 Nc4 27. Nd5 Rxe1 28. Rxe1 Nh4 29. Qe4 b5 30. axb5 axb5 31. b3 Nd6 32. Bxd6 Qxd6 33. Nb4 1-0

[Event "Alberta-ch"]
[Site "Edmonton"]
[Date "2006.02.19"]
[Round "3"]
[White "Huber, Gregory"]
[Black "Neven, Knut G"]
[Result "0-1"]
[WhiteElo "2306"]
[BlackElo "2237"]
[PlyCount "80"]
[EventDate "2006.02.18"]
[EventType "tourn"]
[EventRounds "5"]
[EventCountry "CAN"]
[SourceTitle "EXT 2007"]
[Source "ChessBase"]
[SourceDate "2006.11.23"]
[SourceVersion "1"]
[SourceVersionDate "2006.11.23"]
[SourceQuality "1"]

1. e4 e6 2. d3 d5 3. Qe2 Be7 4. Nf3 c5 5. g3 Nc6 6. Bg2 Nf6 7. 0-0 0-0 8. Re1 b6 9. e5 Nd7 10. c4 dxc4 11. dxc4 Bb7 12. Nc3 Rb8 13. h4 a6 14. Bf4 Nd4 15. Nxd4 cxd4 16. Ne4 Nc5 17. Rad1 Nxe4 18. Bxe4 Bxe4 19. Qxe4 Bc5 20. Bg5 Qc7 21. Qf4 b5 22. cxb5 Rxb5 23. b3 Rb4 24. Re4 f5 25. exf6 Qxf4 26. Bxf4 Rxf6 27. Bg5 Kf7 28. Bxf6 gxf6 29. Kf1 e5 30. g4 Ke6 31. Ke2 Kd5 32. Kd3 Rb7 33. f4 Bd6 34. Rc1 Rg7 35. f5 h5 36. a3 hxg4 37. b4 g3 38. Rg1 g2 39. Ree1 e4+ 40. Ke2 d3+ 0-1

[Event "Alberta-ch"]
[Site "Edmonton"]
[Date "2006.02.19"]
[Round "4"]
[White "Huber, Gregory"]
[Black "Reeve, Jeff"]
[Result "1-0"]
[WhiteElo "2306"]
[BlackElo "2345"]
[PlyCount "89"]
[EventDate "2006.02.18"]
[EventType "tourn"]
[EventRounds "5"]
[EventCountry "CAN"]
[SourceTitle "EXT 2007"]
[Source "ChessBase"]
[SourceDate "2006.11.23"]
[SourceVersion "1"]
[SourceVersionDate "2006.11.23"]
[SourceQuality "1"]

1. e4 c5 2. Nc3 Nc6 3. Nge2 Nf6 4. g3 g6 5. d4 cxd4 6. Nxd4 Nxd4 7. Qxd4 d6 8. Bg2 Bg7 9. 0-0 0-0 10. a4 Be6 11. Qb4 Rb8 12. a5 Nd7 13. Nb5 a6 14. Nd4 Nc5 15. Nxe6 Nxe6 16. Be3 Qc7 17. c3 Nc5 18. Qa3 Nd7 19. Rac1 Ne5 20. b3 Rfe8 21. Rfd1 Nd7 22. c4 Bf8 23. b4 e6 24. Ba7 Ra8 25. Bd4 e5 26. Be3 b6 27. axb6 Nxb6 28. c5 dxc5 29. Bxc5 Red8 30. Rxd8 Qxd8 31. Qa5 Rb8 32. Qxa6 Qd2 33. Ra1 Bxc5 34. bxc5 Ra8 35. Qf1 Rxa1 36. Qxa1 Nc4 37. Bf1 Nb2 38. Qa8+ Kg7 39. Qd5 Qc3 40. h4 Na4 41. Bc4 Kh6 42. Kg2 Nb2 43. Bb5 Qc2 44. Qxf7 Qxc5 45. g4 1-0

[Event "Canadian op"]
[Site "Edmonton"]
[Date "2005.07.10"]
[Round "2"]
[White "Kuczaj, Chris"]
[Black "Huber, Gregory"]
[Result "0-1"]
[WhiteElo "1904"]
[BlackElo "2310"]
[PlyCount "64"]
[EventDate "2005.07.09"]
[EventType "swiss"]
[EventRounds "10"]
[EventCountry "CAN"]
[SourceTitle "CBM 107 Extra"]
[Source "ChessBase"]
[SourceDate "2005.09.01"]
[SourceVersion "1"]
[SourceVersionDate "2005.09.01"]
[SourceQuality "1"]

1. e4 c5 2. Nf3 d6 3. c3 Nf6 4. Be2 Nc6 5. d4 cxd4 6. cxd4 Nxe4 7. d5 Qa5+ 8. Nc3 Nxc3 9. bxc3 Ne5 10. Nxe5 dxe5 11. 0-0 g6 12. Qb3 f6 13. Bb5+ Kf7 14. Bd2 e6 15. Rad1 Qa3 16. Qc4 a6 17. Bc1 axb5 18. dxe6+ Kg7 19. Bxa3 bxc4 20. e7 Bxe7 21. Bxe7 Kf7 22. Bb4 Rxa2 23. Ra1 Rd2 24. Ra5 Rhd8 25. Rc5 Be6 26. Rc7+ R8d7 27. Rxd7+ Bxd7 28. f3 g5 29. Rf2 Rd3 30. Ra2 g4 31. Kf2 gxf3 32. gxf3 Bc6 0-1